000 00879nam a22002297a 4500
005 20240530110554.0
008 160803s2014 ua f b 000 0 ara d
017 _a2008/3438
_bمصر . دار الكتب المصرية
020 _a9789770923214
040 _aEG-CaGPL
082 0 4 _221
_a330.01\
_bج ف
100 0 _aجلال امين
245 1 0 _aفلسفة علم الاقتصاد :
_bبحث فى تحيزات الاقتصاديين و فى الاسس غير العلمية لعلم الاقتصاد /
_cجلال امين
250 _aط. 2
260 _aالقاهرة :
_bدار الشروق ،
_c2014 .
300 _a292 ص. ؛
_c24 سم .
504 _aيشتمل على ارجاعات ببليوجرافية
650 0 4 _aالاقتصاد
_xفلسفة
650 0 4 _aالاقتصاد
_xعلم
650 0 4 _aالاحوال الاقتصادية
942 _2ddc
_cBK
999 _c62523
_d62523